| 000 | 00442nam a22001697a 4500 | ||
|---|---|---|---|
| 003 | BD-DhUL | ||
| 005 | 20170723144923.0 | ||
| 008 | 170723s1971 bg a|||| |||| 000 0 eng d | ||
| 040 |
_aBD-DhUL _cBD-DhUL |
||
| 082 |
_a912.549243 _bKUS |
||
| 245 | 0 | 0 | _aKushtia (Wall map) / |
| 260 |
_aEast Pakistan : _bBengal drawing office, _c1971. |
||
| 300 |
_a1 maps _c26 x 24" cm. |
||
| 365 |
_aBDT _b50.00 |
||
| 650 | 0 | _aWealth map. | |
| 942 |
_2ddc _cMP |
||
| 999 |
_c212293 _d212293 |
||